| 000 -CABECERA |
| Longitud fija campo de control |
01288cam a2200337 a 4500 |
| 001 - NÚMERO DE CONTROL |
| Número de control |
991011456519706706 |
| 003 - IDENTIFICADOR DEL NÚMERO DE CONTROL |
| Identificador del número de control |
OSt |
| 005 - FECHA Y HORA DE LA ÚLTIMA TRANSACCIÓN |
| Fecha y hora de la última transacción |
20211217120515.0 |
| 008 - CÓDIGOS DE INFORMACIÓN DE LONGITUD FIJA |
| Códigos de información de longitud fija |
140926s2014 spc|||| |||| 000 0 spa|c |
| 015 ## - NÚMERO DE BIBLIOGRAFÍA NACIONAL |
| Número de bibliografía nacional |
LL2014 |
| Fuente |
bnc |
| 017 ## - NÚMERO DE COPYRIGHT O DE DEPÓSITO LEGAL |
| Número de copyright o de depósito legal |
DL B 14470-2014 |
| Agencia que asigna el número |
Biblioteca de Catalunya |
| 020 ## - NÚMERO INTERNACIONAL NORMALIZADO PARA LIBROS |
| Número Internacional Normalizado para Libros (ISBN) |
9788496642843 |
| 035 ## - NÚMERO DE CONTROL DEL SISTEMA |
| Número de control del sistema |
(ES-BaCBU).b61957926 |
| 035 ## - NÚMERO DE CONTROL DEL SISTEMA |
| Número de control del sistema |
(OCoLC)1061519246 |
| 040 ## - FUENTE DE LA CATALOGACIÓN |
| Centro catalogador de origen |
ES-BaCBU |
| Lengua de catalogación |
cat |
| Centro transcriptor |
ES-BaCBU |
| Centro modificado |
CDMR |
| 043 ## - CÓDIGO DE ÁREA GEOGRÁFICA |
| Código de área geográfica |
e-sp--- |
| Código local GAC |
e-spcba |
| Fuente del código local |
catmarc |
| 080 ## - NÚMERO DE LA CLASIFICACIÓN DECIMAL UNIVERSAL |
| Número de la Clasificación Decimal Universal |
39 |
| Subdivisión auxiliar común |
(460.23 Ba Barcelona) |
| -- |
"19" |
| Identificador de la edición |
2004 |
| 100 1# - PUNTO DE ACCESO PRINCIPAL-NOMBRE DE PERSONA |
| Nombre de persona |
Gaziel |
| Fechas asociadas al nombre |
1887-1964 |
| 9 (RLIN) |
49 |
| 245 13 - MENCIÓN DE TÍTULO |
| Título |
La Barcelona de ayer : |
| Resto del título |
estampas y crónicas (1919-1933) / |
| Mención de responsabilidad, etc. |
Gaziel ; edición y epílogo de Jordi Amat |
| 260 ## - PUBLICACIÓN, DISTRIBUCIÓN, ETC. (PIE DE IMPRENTA) |
| Lugar de publicación, distribución, etc. |
Barcelona : |
| Nombre del editor, distribuidor, etc. |
La Vanguardia Ediciones : |
| -- |
Ajuntament de Barcelona, |
| Fecha de publicación, distribución, etc. |
2014 |
| 300 ## - DESCRIPCIÓN FÍSICA |
| Extensión |
XVI, 190 p. ; |
| Dimensiones |
23 cm |
| 490 1# - MENCIÓN DE SERIE |
| Mención de serie |
Libros de vanguardia |
| 520 ## - NOTA DE SUMARIO |
| Sumario, etc, |
Recull d'articles apareguts al diari La Vanguardia entre 1919 i 1933 sobre la ciutat de Barcelona |
| 651 #7 - PUNTO DE ACCESO ADICIONAL DE MATERIA - NOMBRE GEOGRÁFICO |
| Nombre geográfico |
Barcelona (Catalunya) |
| Subdivisión de materia general |
Vida social i costums |
| Subdivisión cronológica |
S. XX |
| Fuente del encabezamiento o término |
lemac |
| 700 1# - PUNTO DE ACCESO ADICIONAL - NOMBRE DE PERSONA |
| Nombre de persona |
Amat, Jordi |
| Fechas asociadas al nombre |
1978- |
| 9 (RLIN) |
4555 |
| 830 #0 - PUNTO DE ACCESO ADICIONAL DE SERIE - TÍTULO UNIFORME |
| Título uniforme |
Libros de vanguardia |
| 907 ## - ELEMENTO G DATOS LOCALES, GDL (RLIN) |
| a |
.b61957926 |
| b |
01-03-21 |
| c |
26-09-14 |
| d |
29-10-14 |
| e |
m |
| f |
a |
| g |
- |
| h |
spa |
| i |
spc |
| j |
0 |
| k |
1 |
| 908 ## - CONTROL DE PARÁMETROS (RLIN) |
| Parametro de comando lanzado |
BAB |
| -- |
UPC |
| -- |
BC |
| -- |
AHCB |
| -- |
UAB |
| -- |
BMON |
| -- |
BPC |
| -- |
ANC |
| -- |
CBAB |
| -- |
URV |
| 940 ## - |
| T&íacute;tulo uniforme |
<a href="BC">BC</a> |
| 942 ## - ENTRADA DE ELEMENTOS AGREGADOS (KOHA) |
| Fuente de clasificaión o esquema |
|
| Koha [por defecto] tipo de item |
Monografies |